000 00540pam a2200217 i 4500
001 2721031
005 20180814064949.0
008 771018s1978 cau b 000 0 eng
010 _a 77016597
020 _a0876201389
040 _aDLC
_cDLC
_dDLC
041 _aeng
080 _a301
082 0 0 _a301
100 _a51
101 _aSOC
245 0 0 _aContemporary sociological theories /
_cedited by Alan Wells.
504 _aIncludes bibliographies.
906 _a7
_bcbc
_corignew
_d1
_eocip
_f19
_gy-gencatlg
942 _2ddc
_cBK
999 _c47115
_d47115